Les villes africaines dans le titre de films - Statistiques

Statistiques générales
  • Ce quiz a été pris 106 fois
  • Le résultat moyen est 5 sur 12
Statistiques - réponses
Titre Ville % Correct
OSS 117 : ....., nid d'espions Le Caire
90%
La bataille d'..... Alger
76%
Un taxi pour ... Tobrouk
68%
..... Driver Casablanca
42%
Dernier été à ..... Tanger
40%
.... Kids Kinshasa
38%
Les rivages de .... Tripoli
34%
Sur la route de ..... Nairobi
30%
La légion saute sur ..... Kolwezi
21%
..... Express Marrakech
21%
Un dimanche à .... Kigali
17%
Raid sur ..... Entebbe
11%
Aucun quiz correspondant
Distribution des résultats
% des personnes avec chaque résultat
Percentile par nombre de réponses
Votre historique - résultats
Vous n’avez pas pris ce quiz